Využitie CAE technológie pri optimalizácii robotizovaného pracoviska pre nanášanie lepidla na strešné obklady

Salvato in:
Dettagli Bibliografici
Autore principale: Chromeček, Patrik, 1987- (Autore)
Altri autori: Červeňan, Andrej, 1971- (Relatore della tesi)
Natura: Manoscritto Libro
Lingua:slovacco
Pubblicazione: Bratislava : STU v Bratislave SjF, 2010
Soggetti:
Accesso online:VAIS
Tags: Aggiungi Tag
Nessun Tag, puoi essere il primo ad aggiungerne!!

MARC

LEADER 00000ntm a22000003a 4500
001 stu218758
005 20150617230116.3
008 101207s2010----xo------------------slo-d
040 |a STU  |b slo 
041 0 |a slo 
044 |a xo 
100 1 |a Chromeček, Patrik,  |d 1987-  |4 aut  |u J  |T SjF Strojnícka fakulta  |X 26792  |U J  |Y 20  |7 A000026792 
242 0 0 |a Utilization CAE technology by optimalization of robot - workcell for spread of adhesive on headliners  |y eng 
245 1 |a Využitie CAE technológie pri optimalizácii robotizovaného pracoviska pre nanášanie lepidla na strešné obklady 
260 |a Bratislava :  |b STU v Bratislave SjF,  |c 2010 
650 7 |a strojárske technológie a materiály  |2 stusub 
650 7 |a Production Processes and Materials  |2 estusub 
700 1 |a Červeňan, Andrej,  |d 1971-  |4 ths  |u J0070  |U SjF Strojnícka fakulta  |T SjF Ústav výrobných systémov, enviromentálnej techniky a manažment kvality  |X 2273  |U J0070  |Y 804  |7 A000002273 
856 4 |a info a plný text  |u http://is.stuba.sk/zp/portal_zp.pl?podrobnosti=74459  |3 VAIS 
996 |b 284J039090  |c J*958/DP  |l JJSK  |s A  |a 24  |w stu218758_0001